000 00934nam a2200229 a 4500
001 56120
003 BD-RjUL
005 20211209080344.0
008 161126s1967 bg ||||| |||| 00| 0 ben d
020 _c: Irs 7.00
035 _a(BD-RjUL)56244
040 _aBD-RjUL
_bben
_cBD-RjUL
041 _aben
082 _223
_a891.4409
_bMAM 1967
100 _aমাহফুজউল্লাহ, মোহাম্মদ
_9167075
245 1 0 _aমধুসূদন রবীন্দ্রনাথ /
_cমোহাম্মদ মাহফুজউল্লাহ
260 _aঢাকা :
_bস্টুডেন্ট ওয়েজ,
_c১৯৬৭ [১৩৭৪]
300 _a২১২ পৃ. ;
_c২১ সেমি.
650 _aবাংলা সাহিত্য
_xইতিহাস ও সমালোচনা
_9167076
650 _aBengali Literature
_xHistory & Criticism
_9167077
942 _2ddc
_cBK
999 _c56120
_d56120